000 00500nam a2200205Ia 4500
003 OSt
005 20140321095508.0
008 140130s9999 xx 000 0 und d
020 _a0590453548
050 _aPZ 8.3
_b.Sl6318Bu 2003
100 _aSlater, Teddy
245 _cTeddy Slater
_aThe Bunny Hop /
260 _bScholastic,
_c2003.
_aNew York :
300 _a1 v. (unpaged) :
_bcol. ill. ;
_c22 cm.
440 _v1
521 _aG1
526 _c210
942 _cBK
_2lcc
999 _c39969
_d39969